000 00422nam a2200121Ia 4500
008 201002s9999 xx 000 0 und d
020 _a978-971-980-936-4
100 _aWani-Obias, Rhodalyn
245 _cRhodalyn Wani-Obias, Aaron Abel Mallari, Janet Reguindin-estella
_aThe Life and works of Jose Rizal/
260 _aManila:
_bC&E Publishing
_c2018
300 _aviii, 181 pages
_c22 cm.
650 _aRizal, Jose, 1861-1896
999 _c364554
_d364554